Baghdad /

محفوظ في:

المؤلف الرئيسي: Bāqir, Ṭāhā (مؤلف)

مؤلف مشترك: Iraq. Mudīrīyat al-Āthār al-ʻĀmmah.

التنسيق: كتاب

اللغة: English

منشور في: Baghdad : Directorate General of Antiquities, 1959.

الطبعة: 1st ed.

الموضوعات:

الوسوم: إضافة وسم

لا توجد وسوم, كن أول من يضع وسما على هذه التسجيلة!

رقم الطلب: DS51 .B3 B37 1959

LEADER 00857nam a2200277 4500
001 116
003 OSt
005 20260310092151.0
008 130303s1959 iq f b 000 0 eng d
010 |a 72175468 //r83 
040 |c ARCE Library 
043 |a a-iq--- 
050 4 |a DS51 .B3 B37 1959 
100 1 |6 880-01  |a Bāqir, Ṭāhā,  |e author 
245 1 0 |a Baghdad /  |c by Taha Baqir. 
250 |a 1st ed. 
264 1 |a Baghdad :  |b Directorate General of Antiquities,  |c 1959. 
300 |a 15 pages :  |b 28 plates ;  |c 24 cm. 
500 |a "On the occasion of the 1st anniversary of the Revolution 14th of July, 1958." 
504 |a Bibliography : page 11. 
651 0 |a Baghdad (Iraq)  |v Pictorial works. 
710 1 |a Iraq.  |b Mudīrīyat al-Āthār al-ʻĀmmah. 
880 1 |6 100-01/(3/r  |a باقر، طه. 
901 |a reviewed 
942 |c BK  |2 lcc 
999 |c 9819  |d 9819